000 00775nam a22002537a 4500
003 PE SENCICO BE
005 20251020182623.0
008 221221b |||||||| |||| 00| 0 eng d
040 _aPE SENCICO BE
_cPE SENCICO BE
041 _aspa
082 _a694
_bO7
110 1 _9345
_aOrganización Cultural Innova
245 1 _aNuevas tendencias :
_bmadera 2017 /
_cOrganización Cultural Innova
250 _a1a ed.
260 _aLima:
_bOrganización Cultural Innova,
_c2017
300 _a248 p.:
_bil. col., lams.,, fotog.,
_c23 cm.
650 1 4 _9342
_aMadera
650 2 4 _967
_aPuertas
650 2 4 _9346
_aComedores
650 2 4 _9239
_aMuebles
650 2 4 _925
_aDecoración de interiores
910 _bhfp
_chfp
942 _2ddc
_cLIB
_h694
_iO7
999 _c3721
_d3721